Home Print Resources E-Books E-Journals IIMT Lecture Series Library Membership Form Book Recommendation Form Campus Tour Take AdmissionAbout Us Contact Us

FUNDAMENTALS OF CORPORATE. (Record no. 40925)

000 -LEADER
fixed length control field 00371nam a22001577a 4500
003 - CONTROL NUMBER IDENTIFIER
control field OSt
005 - DATE AND TIME OF LATEST TRANSACTION
control field 20240315141512.0
008 - FIXED-LENGTH DATA ELEMENTS--GENERAL INFORMATION
fixed length control field 171123b xxu||||| |||| 00| 0 eng d
020 ## - INTERNATIONAL STANDARD BOOK NUMBER
International Standard Book Number 978-1260153590
040 ## - CATALOGING SOURCE
Transcribing agency SEROSOFT
100 ## - MAIN ENTRY--PERSONAL NAME
Personal name ROSS,JORDON
245 ## - TITLE STATEMENT
Title FUNDAMENTALS OF CORPORATE.
260 ## - PUBLICATION, DISTRIBUTION, ETC.
Place of publication, distribution, etc. DELHI
Name of publisher, distributor, etc. MC GRAW HILL
Date of publication, distribution, etc. 2012
300 ## - PHYSICAL DESCRIPTION
Extent 882
942 ## - ADDED ENTRY ELEMENTS (KOHA)
Source of classification or shelving scheme
Koha item type Text-Book- for 7 days
Edition 9TH
Holdings
Withdrawn status Lost status Source of classification or shelving scheme Damaged status Not for loan Home library Current library Date acquired Source of acquisition Coded location qualifier Cost, normal purchase price Inventory number Full call number Barcode Date last seen Uniform Resource Identifier Price effective from Koha item type
          IIMT University Central Library Meerut IIMT University Central Library Meerut 10/04/2013 I B C MANAGEMENT 640.00 952 658.15 JOR 01-B-125207 11/23/2017 MANEGEMENT 11/23/2017 Book Bank
          IIMT University Central Library Meerut IIMT University Central Library Meerut 10/04/2013 I B C MANAGEMENT 640.00 952 658.15 JOR 01-B-125208 11/23/2017 MANEGEMENT 11/23/2017 Book Bank
          IIMT University Central Library Meerut IIMT University Central Library Meerut 10/04/2013 I B C MANAGEMENT 640.00 952 658.15 JOR 01-B-125209 11/23/2017 MANEGEMENT 11/23/2017 Book Bank
          IIMT University Central Library Meerut IIMT University Central Library Meerut 10/04/2013 I B C MANAGEMENT 640.00 952 658.15 JOR 01-B-125210 11/23/2017 MANEGEMENT 11/23/2017 Book Bank
          IIMT University Central Library Meerut IIMT University Central Library Meerut 10/04/2013 I B C MANAGEMENT 640.00 952 658.15 JOR 01-B-125211 11/23/2017 MANEGEMENT 11/23/2017 Book Bank
          IIMT University Central Library Meerut IIMT University Central Library Meerut 10/04/2013 I B C MANAGEMENT 640.00 952 658.15 JOR 01-B-125212 11/23/2017 MANEGEMENT 11/23/2017 Book Bank
          IIMT University Central Library Meerut IIMT University Central Library Meerut 10/04/2013 I B C MANAGEMENT 640.00 952 658.15 JOR 01-B-125213 11/23/2017 MANEGEMENT 11/23/2017 Book Bank
          IIMT University Central Library Meerut IIMT University Central Library Meerut 10/04/2013 I B C MANAGEMENT 640.00 952 658.15 JOR 01-B-125214 11/23/2017 MANEGEMENT 11/23/2017 Book Bank
          IIMT University Central Library Meerut IIMT University Central Library Meerut 10/04/2013 I B C MANAGEMENT 640.00 952 658.15 JOR 01-B-125215 11/23/2017 MANEGEMENT 11/23/2017 Book Bank
          IIMT University Central Library Meerut IIMT University Central Library Meerut 10/04/2013 I B C MANAGEMENT 640.00 952 658.15 JOR 01-B-125216 11/23/2017 MANEGEMENT 11/23/2017 Book Bank
          IIMT University Central Library Meerut IIMT University Central Library Meerut 10/04/2013 I B C MANAGEMENT 640.00 952 658.15 JOR 01-B-125217 11/23/2017 MANEGEMENT 11/23/2017 Book Bank
          IIMT University Central Library Meerut IIMT University Central Library Meerut 10/04/2013 I B C MANAGEMENT 640.00 952 658.15 JOR 01-B-125218 11/23/2017 MANEGEMENT 11/23/2017 Book Bank
          IIMT University Central Library Meerut IIMT University Central Library Meerut 10/04/2013 I B C MANAGEMENT 640.00 952 658.15 JOR 01-B-125219 11/23/2017 MANEGEMENT 11/23/2017 Book Bank
          IIMT University Central Library Meerut IIMT University Central Library Meerut 10/04/2013 I B C MANAGEMENT 640.00 952 658.15 JOR 01-B-125220 11/23/2017 MANEGEMENT 11/23/2017 Book Bank
          IIMT University Central Library Meerut IIMT University Central Library Meerut 10/04/2013 I B C MANAGEMENT 640.00 952 658.15 JOR 01-B-125221 11/23/2017 MANEGEMENT 11/23/2017 Book Bank
          IIMT University Central Library Meerut IIMT University Central Library Meerut 10/04/2013 I B C MANAGEMENT 640.00 952 658.15 JOR 01-B-125222 11/23/2017 MANEGEMENT 11/23/2017 Book Bank
          IIMT University Central Library Meerut IIMT University Central Library Meerut 10/04/2013 I B C MANAGEMENT 640.00 952 658.15 JOR 01-B-125223 11/23/2017 MANEGEMENT 11/23/2017 Book Bank
          IIMT University Central Library Meerut IIMT University Central Library Meerut 10/04/2013 I B C MANAGEMENT 640.00 952 658.15 JOR 01-B-125224 11/23/2017 MANEGEMENT 11/23/2017 Book Bank
          IIMT University Central Library Meerut IIMT University Central Library Meerut 10/04/2013 I B C MANAGEMENT 640.00 952 658.15 JOR 01-B-125225 11/23/2017 MANEGEMENT 11/23/2017 Book Bank
          IIMT University Central Library Meerut IIMT University Central Library Meerut 10/04/2013 I B C MANAGEMENT 640.00 952 658.15 JOR 01-B-125226 11/23/2017 MANEGEMENT 11/23/2017 Book Bank
IIMT, Central Library. All Rights Reserved IIMT,UNIVERSITY © 2023
Implemented and Customised by I CLOUDE EMS
You Are OPAC Visitor No
free web counter

Powered by Koha